Super-Saturated Country Flags - Statistics

General Stats
  • This quiz has been taken 7 times
  • The average score is 138 of 196
Answer Stats
Picture Answer % Correct
Afghanistan
86%
Albania
86%
Andorra
86%
Austria
86%
Bhutan
86%
Bosnia & Herzegovina
86%
Bulgaria
86%
Colombia
86%
Costa Rica
86%
Croatia
86%
Cuba
86%
Cyprus
86%
Czech Republic
86%
Egypt
86%
Estonia
86%
Finland
86%
France
86%
Ghana
86%
India
86%
Iran
86%
Iraq
86%
Japan
86%
Kenya
86%
Kosovo
86%
Lebanon
86%
Liechtenstein
86%
Lithuania
86%
Mexico
86%
Moldova
86%
Monaco
86%
Mongolia
86%
Morocco
86%
Netherlands
86%
North Korea
86%
North Macedonia
86%
Papua New Guinea
86%
Philippines
86%
Portugal
86%
Senegal
86%
Slovakia
86%
South Korea
86%
Sweden
86%
Switzerland
86%
Thailand
86%
Trinidad & Tobago
86%
Tunisia
86%
Turkey
86%
Ukraine
86%
Uruguay
86%
Vatican City
86%
Venezuela
86%
Algeria
71%
Angola
71%
Antigua and Barbuda
71%
Argentina
71%
Australia
71%
Bahamas
71%
Bahrain
71%
Bangladesh
71%
Barbados
71%
Belarus
71%
Belgium
71%
Belize
71%
Bolivia
71%
Brazil
71%
Cambodia
71%
Cameroon
71%
Canada
71%
Chad
71%
Chile
71%
China
71%
Denmark
71%
Djibouti
71%
Dominica
71%
Dominican Republic
71%
East Timor
71%
Ecuador
71%
El Salvador
71%
Ethiopia
71%
Georgia
71%
Germany
71%
Greece
71%
Guatemala
71%
Guyana
71%
Haiti
71%
Honduras
71%
Hungary
71%
Iceland
71%
Indonesia
71%
Ireland
71%
Israel
71%
Italy
71%
Ivory Coast
71%
Jamaica
71%
Kiribati
71%
Kuwait
71%
Liberia
71%
Luxembourg
71%
Malawi
71%
Malaysia
71%
Malta
71%
Montenegro
71%
New Zealand
71%
Nicaragua
71%
Niger
71%
Nigeria
71%
Norway
71%
Pakistan
71%
Panama
71%
Paraguay
71%
Peru
71%
Poland
71%
Qatar
71%
Romania
71%
Russia
71%
San Marino
71%
Saudi Arabia
71%
Serbia
71%
Sierra Leone
71%
Slovenia
71%
Somalia
71%
South Africa
71%
Spain
71%
Sri Lanka
71%
St. Lucia
71%
St. Vincent and the Grenadines
71%
Suriname
71%
Taiwan
71%
United Kingdom
71%
United States
71%
Vietnam
71%
Yemen
71%
Armenia
57%
Azerbaijan
57%
Benin
57%
Botswana
57%
Brunei
57%
Burkina Faso
57%
Burundi
57%
Cape Verde
57%
Central African Republic
57%
Comoros
57%
D.R. Congo
57%
Equatorial Guinea
57%
Eritrea
57%
Eswatini
57%
Fiji
57%
F.S. of Micronesia
57%
Gabon
57%
Gambia
57%
Grenada
57%
Guinea
57%
Guinea-Bissau
57%
Jordan
57%
Kazakhstan
57%
Kyrgyzstan
57%
Laos
57%
Latvia
57%
Lesotho
57%
Libya
57%
Madagascar
57%
Maldives
57%
Mali
57%
Marshall Islands
57%
Mauritania
57%
Mauritius
57%
Mozambique
57%
Myanmar
57%
Namibia
57%
Nauru
57%
Nepal
57%
Oman
57%
Palau
57%
Rep. of the Congo
57%
Rwanda
57%
Samoa
57%
Sao Tome & Principe
57%
Seychelles
57%
Singapore
57%
Solomon Islands
57%
South Sudan
57%
St. Kitts & Nevis
57%
Sudan
57%
Syria
57%
Tajikistan
57%
Tanzania
57%
Togo
57%
Tonga
57%
Turkmenistan
57%
Tuvalu
57%
Uganda
57%
United Arab Emirates
57%
Uzbekistan
57%
Vanuatu
57%
Zambia
57%
Zimbabwe
57%
No matching quizzes found
Score Distribution
Percent of People with Each Score
Percentile by Number Answered
Your Score History
You have not taken this quiz